| 000 | 00417nam a2200121Ia 4500 | ||
|---|---|---|---|
| 008 | 171212s9999 xx 000 0 und d | ||
| 020 | _a9780833031174 | ||
| 100 | _aHunter, Robert E. | ||
| 245 |
_cHunter, Robert E. _aThe European Security and Defense Policy _bNATO's Companion - or Competitor? |
||
| 260 |
_bRAND Corporation _c2002 |
||
| 650 | _aPolitical Science | ||
| 856 | _uwww.jstor.org/stable/10.7249/mr1463ndri-re | ||
| 999 |
_c352652 _d352652 |
||